Statistics for JetPunk Users by Former Name

Click here to take the quiz!

General Stats

  • This quiz has been taken 22 times
    (8 since last reset)
  • The average score is 6 of 13

Answer Stats

FormerCurrent% Correct
yevBolyaiAnna
60%
clutchzinfernoClutchNferno
60%
taimoor2FaroPor
60%
abbylw10AbbyLW10IsBanned
40%
hxppyalexzBelgium
40%
kirbyxdGeoSmartKirbyXD
40%
farmerofmissouriJetpunker180
40%
mv1NeilVedwan
40%
sacheth9Pandora49
40%
428abmamkcalbProximaCentauri
40%
quizzer987Quizzer218232
40%
sirphillipinesSirPhilippines
40%
lolmetooProQuizzzer
20%

Score Distribution

Percentile by Number Answered

Percent of People with Each Score

Your Score History

You have not taken this quiz since the last reset